[Event "1st FIDE OWCCCC Pools-East 2021"]
[Site "Online"]
[Date "2021.02.19"]
[Round "1.1"]
[White "Nepomniachtchi, Ian"]
[Black "Papadopoulos, Dimitrios K-E"]
[Result "1-0"]
[WhiteElo "2789"]
[BlackElo "1001"]
[Annotator "TA"]
[PlyCount "23"]
[EventDate "2021.02.19"]
[EventType "team-tourn"]
[EventCountry "NET"]
[SourceTitle "playchess.com"]
[Source "ChessBase"]
[SourceQuality "1"]

1. e4 Nf6 2. e5 Nd5 3. d4 d6 4. Nf3 Bg4 5. Be2 g6 6. Ng5 Bxe2 7. Qxe2 h6 8. Nxf7 Kxf7 9. Qf3+ Ke8 10. Qxd5 c6 11. Qe6 Rg8 12. Qxg8 1-0

[Event "1st FIDE OWCCCC Pools-East 2021"]
[Site "Online"]
[Date "2021.02.19"]
[Round "1.1"]
[White "Muzychuk, Mariya"]
[Black "Vovk, Orest"]
[Result "1-0"]
[WhiteElo "2544"]
[BlackElo "2315"]
[Annotator "ChessBase"]
[PlyCount "47"]
[EventDate "2021.02.19"]
[EventType "team-tourn"]
[EventCountry "NET"]
[SourceTitle "playchess.com"]
[Source "ChessBase"]
[SourceQuality "1"]

1. e4 g5 2. d4 g4 3. Nc3 Bg7 4. h3 c5 5. Be3 gxh3 6. Nxh3 cxd4 7. Bxd4 Bxd4 8. Qxd4 f6 9. O-O-O Nc6 10. Qd5 Qa5 11. Bb5 Qc7 12. Qh5+ Kf8 13. Bc4 Ne5 14. Bb3 d6 15. Nf4 Qd8 16. Ne6+ Bxe6 17. Bxe6 Qe8 18. Qh4 Qg6 19. f4 Nf7 20. g4 Qg7 21. Nd5 Nd8 22. Nc7 Rb8 23. Qh5 h6 24. Qe8# 1-0

[Event "1st FIDE OWCCCC Pools-East 2021"]
[Site "Online"]
[Date "2021.02.19"]
[Round "1.1"]
[White "Bregadze, Levan"]
[Black "Lelekova, Olga"]
[Result "1-0"]
[WhiteElo "2454"]
[BlackElo "2261"]
[Annotator "TA"]
[PlyCount "67"]
[EventDate "2021.02.19"]
[EventType "team-tourn"]
[EventCountry "NET"]
[SourceTitle "playchess.com"]
[Source "ChessBase"]
[SourceQuality "1"]

1. d4 Nf6 2. Nf3 g6 3. c4 Bg7 4. Nc3 O-O 5. e4 d6 6. h3 e5 7. d5 Nbd7 8. Bg5 a5 9. Be2 Nc5 10. Nd2 h6 11. Be3 Nfd7 12. g4 f5 13. gxf5 gxf5 14. exf5 Rxf5 15. Rg1 Qh4 16. Qc2 Nf8 17. O-O-O Rf7 18. Nde4 Bf5 19. Bg4 Bg6 20. Bxc5 dxc5 21. Be6 Qf4+ 22. Kb1 Kh8 23. Rg4 Qf3 24. Bxf7 Qxf7 25. Rdg1 a4 26. a3 c6 27. Nd6 Bxc2+ 28. Kxc2 Qxf2+ 29. Kb1 Qf6 30. Nce4 Qe7 31. Nf5 Qd8 32. Rxg7 Nh7 33. Nxh6 Nf6 34. Nf7# 1-0

[Event "1st FIDE OWCCCC Pools-East 2021"]
[Site "Online"]
[Date "2021.02.19"]
[Round "1.1"]
[White "Kazarian, Anna-Maja"]
[Black "Meier, Georg"]
[Result "0-1"]
[WhiteElo "2096"]
[BlackElo "2628"]
[Annotator "TA"]
[PlyCount "70"]
[EventDate "2021.02.19"]
[EventType "team-tourn"]
[EventCountry "NET"]
[SourceTitle "playchess.com"]
[Source "ChessBase"]
[SourceQuality "1"]

1. e4 e6 2. d4 d5 3. exd5 exd5 4. c4 Nf6 5. Nc3 Bb4 6. Bd3 O-O 7. Nge2 dxc4 8. Bxc4 Nc6 9. O-O Bg4 10. f3 Bf5 11. Bg5 h6 12. Bh4 Be7 13. Bf2 a6 14. Ng3 Bg6 15. Re1 Bd6 16. Nge4 Re8 17. Bh4 Be7 18. Bf2 Qd7 19. Qd2 Rad8 20. Rad1 b5 21. Bb3 Nxe4 22. Nxe4 Bb4 23. Nf6+ gxf6 24. Qxh6 Qf5 25. Rxe8+ Rxe8 26. Qc1 Na5 27. Qxc7 Nxb3 28. axb3 Qc2 29. Rc1 Qxb2 30. Rf1 Qxb3 31. Qc6 Qe6 32. Qb7 Bd3 33. Rd1 Qe2 34. Rc1 Bd2 35. Ra1 Be3 0-1

[Event "1st FIDE OWCCCC Pools-East 2021"]
[Site "Online"]
[Date "2021.02.19"]
[Round "1.1"]
[White "Irjanski, Slava"]
[Black "Korobov, Anton"]
[Result "0-1"]
[WhiteElo "1896"]
[BlackElo "2683"]
[Annotator "TA"]
[PlyCount "64"]
[EventDate "2021.02.19"]
[EventType "team-tourn"]
[EventCountry "NET"]
[SourceTitle "playchess.com"]
[Source "ChessBase"]
[SourceQuality "1"]

1. e4 c5 2. Nf3 d6 3. d4 cxd4 4. Nxd4 Nf6 5. Nc3 a6 6. Be2 e6 7. Be3 Nbd7 8. Qd2 b5 9. a3 Bb7 10. f3 Rc8 11. O-O Be7 12. Rac1 Ne5 13. Kh1 O-O 14. Bg1 Qc7 15. Nd1 d5 16. exd5 Nxd5 17. Ne3 Nf4 18. c3 Rfd8 19. Qc2 Neg6 20. Ng4 h5 21. Nf2 Rxd4 22. cxd4 Qxc2 23. Rxc2 Rxc2 24. Bd1 Rxb2 25. g3 Nd5 26. Ne4 Bxa3 27. Nc5 Bxc5 28. dxc5 e5 29. Bf2 Nc3 30. Kg2 e4 31. Re1 Ne5 32. fxe4 Nxe4 0-1

[Event "1st FIDE OWCCCC Pools-East 2021"]
[Site "Online"]
[Date "2021.02.19"]
[Round "1.1"]
[White "Sanz Varea, Jose M."]
[Black "Warakomski, Tomasz"]
[Result "0-1"]
[WhiteElo "1852"]
[BlackElo "2510"]
[Annotator "ChessBase"]
[PlyCount "60"]
[EventDate "2021.02.19"]
[EventType "team-tourn"]
[EventCountry "NET"]
[SourceTitle "playchess.com"]
[Source "ChessBase"]
[SourceQuality "1"]

1. e4 c5 2. b3 g6 3. Bb2 Nf6 4. e5 Nd5 5. e6 f6 6. c4 Nb4 7. a3 N4c6 8. exd7+ Bxd7 9. Nf3 e5 10. d3 Bg7 11. Be2 O-O 12. O-O Be6 13. Nbd2 f5 14. Ne1 Nd4 15. f4 exf4 16. Ndf3 Nxf3+ 17. Bxf3 Bxb2 18. Rb1 Bd4+ 19. Kh1 Nc6 20. Nc2 Qd7 21. b4 Rad8 22. b5 Ne5 23. Be2 g5 24. Qe1 Bf7 25. h4 h6 26. Rd1 Rfe8 27. Qd2 Ng6 28. g3 fxg3 29. hxg5 f4 30. Nxd4 Qh3+ 0-1

[Event "1st FIDE OWCCCC Pools-East 2021"]
[Site "Online"]
[Date "2021.02.19"]
[Round "1.2"]
[White "Janik, Igor"]
[Black "Fernandez, Virgilio"]
[Result "1-0"]
[WhiteElo "2495"]
[BlackElo "1589"]
[Annotator "ChessBase"]
[PlyCount "79"]
[EventDate "2021.02.19"]
[EventType "team-tourn"]
[EventCountry "NET"]
[SourceTitle "playchess.com"]
[Source "ChessBase"]
[SourceQuality "1"]

1. d4 d5 2. c4 e6 3. Nf3 h6 4. Nc3 Nf6 5. Bf4 a6 6. e3 Bd6 7. Bxd6 cxd6 8. cxd5 Nxd5 9. Nxd5 exd5 10. Bd3 Bg4 11. O-O O-O 12. h3 Bh5 13. Be2 Bg6 14. Qb3 Be4 15. Nd2 b5 16. Nxe4 dxe4 17. Qd5 Ra7 18. Qxe4 Re7 19. Qd5 Kh8 20. Bg4 g6 21. Rac1 f5 22. Bf3 Qb6 23. Rc3 f4 24. Rfc1 Kg7 25. Rc8 fxe3 26. fxe3 Nd7 27. Rxf8 Nxf8 28. Rc6 Qa5 29. Qxd6 Qe1+ 30. Kh2 Qh4 31. Qf4 Qxf4+ 32. exf4 Rd7 33. d5 a5 34. Rb6 b4 35. Ra6 b3 36. axb3 Rb7 37. d6 Rxb3 38. Ra7+ Kf6 39. Bd5 Ne6 40. Bxb3 1-0

[Event "1st FIDE OWCCCC Pools-East 2021"]
[Site "Online"]
[Date "2021.02.19"]
[Round "1.2"]
[White "Kretov, Evgenij"]
[Black "Levitan, Julia"]
[Result "1-0"]
[WhiteElo "2269"]
[BlackElo "1727"]
[Annotator "TA"]
[PlyCount "59"]
[EventDate "2021.02.19"]
[EventType "team-tourn"]
[EventCountry "NET"]
[SourceTitle "playchess.com"]
[Source "ChessBase"]
[SourceQuality "1"]

1. d4 d5 2. c4 e6 3. Nc3 Be7 4. Nf3 Nf6 5. Bg5 O-O 6. e3 Nbd7 7. cxd5 exd5 8. Bd3 b6 9. O-O c5 10. Qe2 Bb7 11. Ne5 Nxe5 12. dxe5 Ne4 13. Bf4 Re8 14. Rfd1 Qc8 15. Nb5 c4 16. Bxe4 dxe4 17. Nd6 Bxd6 18. exd6 Qd7 19. Qxc4 Rac8 20. Qb3 Re6 21. Rac1 h6 22. Rc7 Rxc7 23. dxc7 Qc6 24. h3 Re8 25. Rd8 Bc8 26. Qc3 Qe6 27. Qe5 Kf8 28. Qd6+ Qe7 29. Qxe7+ Kxe7 30. Bd6+ 1-0

[Event "1st FIDE OWCCCC Pools-East 2021"]
[Site "Online"]
[Date "2021.02.19"]
[Round "1.2"]
[White "Koskinen, Timo"]
[Black "Kadatsky, Alexander"]
[Result "0-1"]
[WhiteElo "1717"]
[BlackElo "2368"]
[Annotator "NA"]
[PlyCount "32"]
[EventDate "2021.02.19"]
[EventType "team-tourn"]
[EventCountry "NET"]
[SourceTitle "playchess.com"]
[Source "ChessBase"]
[SourceQuality "1"]

1. d4 Nf6 2. Nf3 c5 3. e3 e6 4. c4 cxd4 5. exd4 d5 6. Be3 Be7 7. Be2 O-O 8. O-O dxc4 9. Bxc4 a6 10. a3 b5 11. Be2 Bb7 12. b4 Nd5 13. Qd3 Nd7 14. Nbd2 a5 15. Qb3 axb4 16. axb4 Qb6 0-1

[Event "1st FIDE OWCCCC Pools-East 2021"]
[Site "Online"]
[Date "2021.02.19"]
[Round "1.2"]
[White "Karaia, Alika"]
[Black "Van Wijk, Peter"]
[Result "1-0"]
[WhiteElo "1523"]
[BlackElo "1930"]
[Annotator "NA"]
[PlyCount "75"]
[EventDate "2021.02.19"]
[EventType "team-tourn"]
[EventCountry "NET"]
[SourceTitle "playchess.com"]
[Source "ChessBase"]
[SourceQuality "1"]

1. d4 Nf6 2. c4 c5 3. d5 e6 4. Nc3 exd5 5. cxd5 d6 6. Nf3 g6 7. Nd2 Bg7 8. e4 O-O 9. Be2 Re8 10. O-O Nbd7 11. h3 h6 12. a4 g5 13. f4 gxf4 14. Rxf4 Ne5 15. Rf2 a6 16. Nf1 Rb8 17. Ng3 c4 18. Qf1 b5 19. axb5 axb5 20. Be3 Ng6 21. Kh1 b4 22. Nd1 Nxe4 23. Nxe4 Rxe4 24. Rxf7 Qe8 25. Raa7 Re7 26. Rfxe7 Nxe7 27. Bxc4 Rb7 28. Ra8 Qf7 29. Qxf7+ Kxf7 30. b3 Bf5 31. Nf2 Be5 32. g4 Bg6 33. Bxh6 Bg3 34. Kg2 Bxf2 35. Kxf2 Be4 36. Ra5 Kf6 37. Bf4 Ng6 38. Bxd6 1-0

[Event "1st FIDE OWCCCC Pools-East 2021"]
[Site "Online"]
[Date "2021.02.19"]
[Round "1.2"]
[White "Huz, Valerii"]
[Black "Schlecht, Daniel"]
[Result "0-1"]
[WhiteElo "1427"]
[BlackElo "2377"]
[Annotator "NA"]
[PlyCount "26"]
[EventDate "2021.02.19"]
[EventType "team-tourn"]
[EventCountry "NET"]
[SourceTitle "playchess.com"]
[Source "ChessBase"]
[SourceQuality "1"]

1. e4 c6 2. c4 d5 3. cxd5 cxd5 4. exd5 Nf6 5. Bb5+ Nbd7 6. Nc3 a6 7. Qa4 g6 8. Nf3 Bg7 9. O-O O-O 10. Be2 b5 11. Bxb5 Nb6 12. Qa5 axb5 13. Qxb5 Ba6 0-1

[Event "1st FIDE OWCCCC Pools-East 2021"]
[Site "Online"]
[Date "2021.02.19"]
[Round "1.2"]
[White "Kouchnarev Roggero, Matteo"]
[Black "Papp, Petra"]
[Result "0-1"]
[WhiteElo "1198"]
[BlackElo "2336"]
[Annotator "NA"]
[PlyCount "68"]
[EventDate "2021.02.19"]
[EventType "team-tourn"]
[EventCountry "NET"]
[SourceTitle "playchess.com"]
[Source "ChessBase"]
[SourceQuality "1"]

1. Nf3 d6 2. b3 e5 3. Bb2 f5 4. c4 Nf6 5. e3 g6 6. d4 e4 7. Nfd2 Bg7 8. Nc3 O-O 9. Be2 c6 10. h4 h6 11. Qc2 d5 12. O-O-O Be6 13. Rdg1 a5 14. f3 Nbd7 15. g4 fxg4 16. fxg4 Ne8 17. Rf1 Nd6 18. Ba3 Rf3 19. Bxf3 exf3 20. Bxd6 Nf6 21. Be5 Bf7 22. Rxf3 Nxg4 23. Bxg7 Kxg7 24. Rg1 h5 25. Rgf1 Be6 26. Rf6 Nxf6 27. c5 Qe7 28. e4 dxe4 29. Ndxe4 Bf5 30. Re1 Re8 31. d5 cxd5 32. Kb2 dxe4 33. Na4 Qe5+ 34. Kb1 e3 0-1

[Event "1st FIDE OWCCCC Pools-East 2021"]
[Site "Online"]
[Date "2021.02.19"]
[Round "1.3"]
[White "Torma, Robert"]
[Black "Suchkov, Anton"]
[Result "1-0"]
[WhiteElo "2424"]
[BlackElo "1798"]
[Annotator "NA"]
[PlyCount "83"]
[EventDate "2021.02.19"]
[EventType "team-tourn"]
[EventCountry "NET"]
[SourceTitle "playchess.com"]
[Source "ChessBase"]
[SourceQuality "1"]

1. d4 d5 2. c4 e6 3. Nc3 c5 4. cxd5 exd5 5. Nf3 Nc6 6. g3 Nf6 7. Bg2 cxd4 8. Nxd4 Nxd4 9. Qxd4 Be6 10. O-O Be7 11. Rd1 O-O 12. Be3 Rc8 13. Qxa7 Qd7 14. Qd4 Bc5 15. Qd2 Rfd8 16. Bxc5 Rxc5 17. Qd4 Rc4 18. Qxc4 dxc4 19. Rxd7 Rxd7 20. Rd1 b5 21. Rxd7 Nxd7 22. Nxb5 Nb6 23. Nc3 f5 24. a4 Kf8 25. a5 Nc8 26. a6 Na7 27. Bd5 Bd7 28. Bxc4 Ke7 29. Kf1 Kd6 30. Bd3 g6 31. Ke1 Kc5 32. Kd2 Bc8 33. Ke3 Kd6 34. h4 Nc6 35. Bb5 Nb4 36. a7 Bb7 37. Bc4 Ba8 38. Bg8 h5 39. Bf7 Ke5 40. Bxg6 Nc2+ 41. Kd2 Nd4 42. Bxh5 1-0

[Event "1st FIDE OWCCCC Pools-East 2021"]
[Site "Online"]
[Date "2021.02.19"]
[Round "1.3"]
[White "Stein, Michael"]
[Black "Myshakov, Fedor"]
[Result "0-1"]
[WhiteElo "1577"]
[BlackElo "2303"]
[Annotator "TA"]
[PlyCount "62"]
[EventDate "2021.02.19"]
[EventType "team-tourn"]
[EventCountry "NET"]
[SourceTitle "playchess.com"]
[Source "ChessBase"]
[SourceQuality "1"]

1. e4 c6 2. d4 d5 3. e5 Bf5 4. Nf3 e6 5. Bd3 Ne7 6. O-O Nd7 7. Bf4 Bxd3 8. Qxd3 Nf5 9. c3 Be7 10. Nbd2 O-O 11. Nb3 b6 12. h3 c5 13. Nbd2 Rc8 14. Rac1 Qc7 15. Bg5 Bxg5 16. Nxg5 h6 17. g4 hxg5 18. gxf5 cxd4 19. cxd4 Qxc1 20. Rxc1 Rxc1+ 21. Kh2 Rfc8 22. Nb3 R1c2 23. Kg3 Rxb2 24. fxe6 fxe6 25. Qg6 Nf8 26. Qxg5 Rc3+ 27. Kg2 Rxa2 28. Nd2 Rcc2 29. Nb3 Rxf2+ 30. Kg1 Rfb2 31. Nd2 Rxd2 0-1

[Event "1st FIDE OWCCCC Pools-East 2021"]
[Site "Online"]
[Date "2021.02.19"]
[Round "1.3"]
[White "Schafers, Guido"]
[Black "Reza, Wojciech"]
[Result "0-1"]
[WhiteElo "1532"]
[BlackElo "2304"]
[Annotator "TA"]
[PlyCount "104"]
[EventDate "2021.02.19"]
[EventType "team-tourn"]
[EventCountry "NET"]
[SourceTitle "playchess.com"]
[Source "ChessBase"]
[SourceQuality "1"]

1. c4 e5 2. Nc3 Nf6 3. d3 d5 4. cxd5 Nxd5 5. Nf3 Nc6 6. g3 Nde7 7. Bg2 g6 8. O-O Bg7 9. Bd2 O-O 10. Rc1 h6 11. a3 a5 12. Be3 Nd4 13. Bxd4 exd4 14. Nb5 c6 15. Nbxd4 Bxd4 16. Qd2 Bg7 17. e3 Qb6 18. d4 Rd8 19. Qc3 Bf5 20. Nh4 Be6 21. Nf3 a4 22. Qc5 Qxc5 23. Rxc5 Bf8 24. Rfc1 Nc8 25. R5c2 Nb6 26. Nd2 Ra5 27. Bf1 Bf5 28. Rc3 c5 29. Nc4 Nxc4 30. Rxc4 b5 31. R4c3 cxd4 32. exd4 Rxd4 33. Re3 Be6 34. Rce1 b4 35. axb4 Rxb4 36. R3e2 Bg7 37. Rb1 a3 38. Rd2 axb2 39. Rd8+ Kh7 40. Rdd1 Ra1 41. Bd3 Rxb1 42. Bxb1 Bf5 43. Kf1 Bxb1 44. Rxb1 Ra4 45. Ke2 Ra1 46. Rd1 Rxd1 47. Kxd1 b1=Q+ 48. Kd2 Qh1 49. h4 Qh2 50. Ke3 Bd4+ 51. Kxd4 Qxf2+ 52. Ke4 Qxg3 0-1

[Event "1st FIDE OWCCCC Pools-East 2021"]
[Site "Online"]
[Date "2021.02.19"]
[Round "1.3"]
[White "Huijsdens, Leon"]
[Black "Klek, Hanna Marie"]
[Result "0-1"]
[WhiteElo "798"]
[BlackElo "2302"]
[Annotator "NA"]
[PlyCount "68"]
[EventDate "2021.02.19"]
[EventType "team-tourn"]
[EventCountry "NET"]
[SourceTitle "playchess.com"]
[Source "ChessBase"]
[SourceQuality "1"]

1. d4 Nf6 2. c4 g6 3. Nc3 Bg7 4. e4 O-O 5. f3 d6 6. Be3 Na6 7. Qd2 e5 8. d5 c6 9. Nge2 Ne8 10. Bg5 f6 11. Bh6 f5 12. h4 f4 13. Bg5 Bf6 14. Bxf6 Nxf6 15. O-O-O Ne8 16. h5 g5 17. Kb1 Kh8 18. Nc1 g4 19. fxg4 Bxg4 20. Be2 Bxe2 21. Qxe2 Qg5 22. Qf2 Rg8 23. Rdg1 Nc5 24. Rh3 Nf6 25. b4 Ncxe4 26. Nxe4 Nxe4 27. Qc2 Ng3 28. Rd1 cxd5 29. Rxd5 Nf5 30. Rd2 Rac8 31. Nb3 Ne3 32. Qe4 Nxc4 33. Qxb7 Nxd2+ 34. Nxd2 Qf5+ 0-1

[Event "1st FIDE OWCCCC Pools-East 2021"]
[Site "Online"]
[Date "2021.02.19"]
[Round "1.4"]
[White "Agrest, Inna"]
[Black "Hartog, Eduard"]
[Result "1-0"]
[WhiteElo "2285"]
[BlackElo "1362"]
[Annotator "NA"]
[PlyCount "45"]
[EventDate "2021.02.19"]
[EventType "team-tourn"]
[EventCountry "NET"]
[SourceTitle "playchess.com"]
[Source "ChessBase"]
[SourceQuality "1"]

1. e4 e6 2. d4 d5 3. Nc3 Nf6 4. Bg5 Be7 5. e5 Nfd7 6. h4 f6 7. exf6 Nxf6 8. Nf3 O-O 9. Bd3 Nbd7 10. Qe2 Rf7 11. O-O-O Nf8 12. Ne5 N6d7 13. Nxf7 Bxg5+ 14. Nxg5 Nf6 15. f4 g6 16. g4 Qd6 17. Rdf1 Bd7 18. h5 Be8 19. hxg6 Bxg6 20. f5 exf5 21. gxf5 Re8 22. Qg2 Bf7 23. Nxh7+ 1-0

[Event "1st FIDE OWCCCC Pools-East 2021"]
[Site "Online"]
[Date "2021.02.19"]
[Round "1.4"]
[White "Chlost, Marlena"]
[Black "Gil Quilez, Sonia"]
[Result "1-0"]
[WhiteElo "2160"]
[BlackElo "2159"]
[Annotator "NA"]
[PlyCount "61"]
[EventDate "2021.02.19"]
[EventType "team-tourn"]
[EventCountry "NET"]
[SourceTitle "playchess.com"]
[Source "ChessBase"]
[SourceQuality "1"]

1. e4 e5 2. Nf3 Nc6 3. Bb5 a6 4. Ba4 Nf6 5. O-O Bd6 6. Re1 O-O 7. d4 Re8 8. Bxc6 dxc6 9. dxe5 Bxe5 10. Qxd8 Rxd8 11. Nxe5 Be6 12. Bg5 Kf8 13. Nc3 h6 14. Bxf6 gxf6 15. Nf3 b5 16. a3 Kg7 17. Rad1 Re8 18. Nd4 Bg4 19. f3 Bh5 20. Nf5+ Kg6 21. Rd7 Re5 22. Ne7+ Kg5 23. Ne2 Re8 24. f4+ Kh4 25. fxe5 Bxe2 26. Rxe2 Rg8 27. Re3 Rg4 28. Nf5+ Kh5 29. Rxf7 c5 30. Rh3+ Kg6 31. Rg7# 1-0

[Event "1st FIDE OWCCCC Pools-East 2021"]
[Site "Online"]
[Date "2021.02.19"]
[Round "1.4"]
[White "Homiakova, Elena"]
[Black "Marchenko, Alexey"]
[Result "1-0"]
[WhiteElo "2113"]
[BlackElo "2119"]
[Annotator "NA"]
[PlyCount "69"]
[EventDate "2021.02.19"]
[EventType "team-tourn"]
[EventCountry "NET"]
[SourceTitle "playchess.com"]
[Source "ChessBase"]
[SourceQuality "1"]

1. e4 e5 2. Nf3 Nc6 3. Bb5 a6 4. Ba4 Nf6 5. O-O d6 6. Re1 Bg4 7. c3 Be7 8. h3 Bh5 9. d3 O-O 10. Nbd2 d5 11. exd5 Nxd5 12. Bxc6 bxc6 13. Rxe5 g6 14. Nf1 Bd6 15. Re1 Qf6 16. Bh6 Rfe8 17. Rxe8+ Rxe8 18. g4 Bxg4 19. hxg4 Nf4 20. Bxf4 Qxf4 21. N3h2 Bc5 22. Qf3 Qd6 23. d4 Bxd4 24. cxd4 Qxd4 25. Rd1 Qxb2 26. Rd7 Rf8 27. g5 Qxa2 28. Ng4 Qe6 29. Rxc7 Kg7 30. Rxc6 Qe7 31. Qc3+ f6 32. gxf6+ Rxf6 33. Qxf6+ Qxf6 34. Nxf6 Kh6 35. Ng3 1-0

[Event "1st FIDE OWCCCC Pools-East 2021"]
[Site "Online"]
[Date "2021.02.19"]
[Round "1.4"]
[White "Tarasov, Sergey Ivan"]
[Black "Nanjo, Ryosuke"]
[Result "0-1"]
[WhiteElo "2104"]
[BlackElo "2338"]
[Annotator "TA"]
[PlyCount "34"]
[EventDate "2021.02.19"]
[EventType "team-tourn"]
[EventCountry "NET"]
[SourceTitle "playchess.com"]
[Source "ChessBase"]
[SourceQuality "1"]

1. e4 c5 2. Nf3 d6 3. d4 cxd4 4. Nxd4 Nf6 5. Nc3 a6 6. a4 g6 7. Be3 Bg7 8. Bc4 Nc6 9. O-O O-O 10. Rb1 Bd7 11. h3 Rc8 12. b4 Nxd4 13. Qxd4 Ng4 14. Qd3 Ne5 15. Bxf7+ Rxf7 16. Qd2 Rxc3 17. f4 Nc4 0-1

[Event "1st FIDE OWCCCC Pools-East 2021"]
[Site "Online"]
[Date "2021.02.19"]
[Round "1.4"]
[White "Mazurok, Andriy"]
[Black "Mayo Casademont, Marti"]
[Result "0-1"]
[WhiteElo "1561"]
[BlackElo "2247"]
[Annotator "NA"]
[PlyCount "126"]
[EventDate "2021.02.19"]
[EventType "team-tourn"]
[EventCountry "NET"]
[SourceTitle "playchess.com"]
[Source "ChessBase"]
[SourceQuality "1"]

1. d4 d5 2. c4 e6 3. Nc3 Nf6 4. Bg5 Be7 5. e3 Nbd7 6. Nf3 h6 7. Bh4 O-O 8. cxd5 Nxd5 9. Bxe7 Qxe7 10. Bd3 Nxc3 11. bxc3 c5 12. O-O b6 13. Be4 Rb8 14. a4 Nf6 15. Bc2 Ba6 16. Re1 Nd5 17. Ne5 Rbc8 18. c4 Nb4 19. Be4 cxd4 20. Rc1 Na2 21. Rc2 Nc3 22. Qf3 Nxe4 23. Qxe4 dxe3 24. Rxe3 Rfd8 25. h3 Bb7 26. Qg4 Qd6 27. Rce2 Qd4 28. Qh5 Rc7 29. Rd3 Qa1+ 30. Kh2 Rxd3 31. Nxd3 Qd4 32. Re3 Rxc4 33. Rg3 Qf6 34. Ne5 Rc5 35. f4 Qf5 36. Qxf5 exf5 37. Rd3 Rc2 38. Rg3 Be4 39. Nf3 g6 40. Nd4 Rc4 41. Nb5 Rxa4 42. Ra3 Rxa3 43. Nxa3 a6 44. Kg3 b5 45. Kf2 b4 46. Nc4 Kf8 47. g3 Ke7 48. Ke3 b3 49. Kd2 Kd7 50. Kc3 Bc2 51. Kb2 Ke6 52. Nd2 Kd5 53. h4 a5 54. Nxb3 Bxb3 55. Kxb3 Ke4 56. Ka4 Kf3 57. Kxa5 Kxg3 58. Kb4 Kxf4 59. Kc4 Kg4 60. Kd3 Kxh4 61. Ke3 Kg3 62. Ke2 Kg2 63. Ke3 h5 0-1

[Event "1st FIDE OWCCCC Pools-East 2021"]
[Site "Online"]
[Date "2021.02.19"]
[Round "1.5"]
[White "Jakovenko, Dmitry"]
[Black "Negi, Alpana"]
[Result "1-0"]
[WhiteElo "2684"]
[BlackElo "1200"]
[Annotator "TA"]
[PlyCount "29"]
[EventDate "2021.02.19"]
[EventType "team-tourn"]
[EventCountry "NET"]
[SourceTitle "playchess.com"]
[Source "ChessBase"]
[SourceQuality "1"]

1. c4 c5 2. Nf3 Nf6 3. Nc3 Nc6 4. g3 g6 5. Bg2 Bg7 6. d4 d6 7. d5 Ne5 8. Nxe5 dxe5 9. O-O Nd7 10. a3 Rf8 11. b4 e4 12. Qc2 f5 13. Be3 Qc7 14. bxc5 Nxc5 15. Nb5 1-0

[Event "1st FIDE OWCCCC Pools-East 2021"]
[Site "Online"]
[Date "2021.02.19"]
[Round "1.5"]
[White "Abasov, Nijat"]
[Black "Zawadzka, Jolanta"]
[Result "1-0"]
[WhiteElo "2664"]
[BlackElo "2399"]
[Annotator "TA"]
[PlyCount "53"]
[EventDate "2021.02.19"]
[EventType "team-tourn"]
[EventCountry "NET"]
[SourceTitle "playchess.com"]
[Source "ChessBase"]
[SourceQuality "1"]

1. e4 e5 2. Nf3 Nc6 3. Bb5 a6 4. Bxc6 dxc6 5. O-O Qd6 6. Na3 Be6 7. c3 c5 8. d4 cxd4 9. cxd4 O-O-O 10. d5 Bg4 11. h3 Bxf3 12. Qxf3 Qf6 13. Qg3 Re8 14. Nc4 Qg6 15. Qf3 Bd6 16. Bd2 Ne7 17. Rac1 Kb8 18. Na5 Ka8 19. Rc4 Rb8 20. Qe2 f5 21. Ra4 Bc5 22. Rc1 Qd6 23. Nxb7 Kxb7 24. Rxc5 Ra8 25. Rac4 Rhc8 26. Rb4+ Ka7 27. Be3 1-0

[Event "1st FIDE OWCCCC Pools-East 2021"]
[Site "Online"]
[Date "2021.02.19"]
[Round "1.5"]
[White "Skopje"]
[Black "Agomeri, Gianluca"]
[Result "1-0"]
[WhiteElo "2573"]
[BlackElo "2122"]
[Annotator "ChessBase"]
[PlyCount "59"]
[EventDate "2021.02.19"]
[EventType "team-tourn"]
[EventCountry "NET"]
[SourceTitle "playchess.com"]
[Source "ChessBase"]
[SourceQuality "1"]

1. e4 e5 2. Nf3 Nc6 3. Bb5 a6 4. Bxc6 dxc6 5. Nc3 Bd6 6. d4 exd4 7. Qxd4 f6 8. Be3 Be6 9. O-O-O c5 10. Qd2 Ne7 11. Bf4 Bxf4 12. Qxf4 Qc8 13. h4 O-O 14. h5 b5 15. h6 g6 16. Qe3 b4 17. Nd5 Nxd5 18. exd5 Bf7 19. Qxc5 a5 20. Nd4 Qg4 21. g3 Qg5+ 22. f4 Qxd5 23. Qxd5 Bxd5 24. Rhe1 Rad8 25. Re7 Rf7 26. Nc6 Rd6 27. Re8+ Rf8 28. Ne7+ Kf7 29. Rxf8+ Kxf8 30. Nxd5 1-0

[Event "1st FIDE OWCCCC Pools-East 2021"]
[Site "Online"]
[Date "2021.02.19"]
[Round "1.5"]
[White "Purton, Ben J"]
[Black "Iljushin, Alexei"]
[Result "1/2-1/2"]
[WhiteElo "2154"]
[BlackElo "2461"]
[Annotator "TA"]
[PlyCount "47"]
[EventDate "2021.02.19"]
[EventType "team-tourn"]
[EventCountry "NET"]
[SourceTitle "playchess.com"]
[Source "ChessBase"]
[SourceQuality "1"]

1. e4 c6 2. d4 d5 3. Nc3 dxe4 4. Nxe4 Nf6 5. Nxf6+ gxf6 6. c3 h5 7. Bc4 Be6 8. Bxe6 fxe6 9. Nf3 Qd5 10. O-O Nd7 11. Qe2 Bh6 12. Bxh6 Rxh6 13. Rfe1 Kf7 14. c4 Qf5 15. Nh4 Qg4 16. h3 Qxh4 17. Qxe6+ Kg7 18. Qxe7+ Kh8 19. Qxd7 Rg8 20. Re8 Rhg6 21. Rxg8+ Rxg8 22. Re1 Qf4 23. Qf7 Qf3 24. g3 1/2-1/2

[Event "1st FIDE OWCCCC Pools-East 2021"]
[Site "Online"]
[Date "2021.02.19"]
[Round "1.5"]
[White "Orskaya, Mustafa Hakan"]
[Black "Cerveny, Martin"]
[Result "0-1"]
[WhiteElo "1692"]
[BlackElo "2411"]
[Annotator "NA"]
[PlyCount "88"]
[EventDate "2021.02.19"]
[EventType "team-tourn"]
[EventCountry "NET"]
[SourceTitle "playchess.com"]
[Source "ChessBase"]
[SourceQuality "1"]

1. e4 c5 2. Nf3 d6 3. d4 cxd4 4. Nxd4 Nf6 5. Nc3 a6 6. Be3 e5 7. Nb3 Be6 8. f3 Nbd7 9. Qd2 Rc8 10. g4 Nb6 11. g5 Nh5 12. O-O-O Be7 13. Kb1 O-O 14. Be2 g6 15. Na5 Qc7 16. Bxb6 Qxb6 17. Nd5 Bxd5 18. exd5 Nf4 19. Nb3 Bxg5 20. h4 Bh6 21. h5 g5 22. Bd3 f5 23. Rdg1 Rc7 24. Na5 Rg7 25. Nc4 Qd4 26. Nxd6 Nxd3 27. Qxd3 Qxd3 28. cxd3 Rd7 29. Nc4 Rxd5 30. Rd1 Kg7 31. Rhe1 Kf6 32. a4 b5 33. axb5 axb5 34. Ne3 Rd6 35. Rc1 Rfd8 36. Red1 g4 37. Re1 g3 38. Rc5 Bxe3 39. Rxe3 g2 40. Re1 Rxd3 41. Rcxe5 Rd1+ 42. Kc2 g1=Q 43. Re6+ Kg5 44. f4+ Kxf4 0-1